Harry Potter: Battle of the Seven Potters - Statistics

General Stats
  • This quiz has been taken 727 times
  • The average score is 7 of 7
Answer Stats
Hint Answer % Correct
1. Harry Potter Harry/Hagrid A. Nymphadora Tonks
100%
6. Fleur Delacour Fleur/Bill F. Remus Lupin
99%
7. Mundungus Fletcher Mundungus/Moody G. Kingsley Shacklebolt
99%
5. Fred Weasley Fred/Arthur E. Bill Weasley
98%
4. George Weasley George/Remus D. Rubeus Hagrid
98%
2. Hermione Granger Hermione/Kingsley B. Arthur Weasley
98%
3. Ronald Weasley Ronald/Tonks C. Alastor Moody
98%
No matching quizzes found
Score Distribution
Percent of People with Each Score
Percentile by Number Answered
Your Score History
You have not taken this quiz